[Event "Gosa it"]
[Site "Smederevska Palanka YUG"]
[Date "1979.06.12"]
[Round "9"]
[White "Rajkovic, Dusan"]
[Black "Jansa, Vlastimil"]
[Result "1-0"]
[WhiteElo "2460"]
[BlackElo "2495"]
[EventDate "1979.06.02"]
[PlyCount "67"]
[Source "Perpetual Check"]

1.c4 c5 2.g3 g6 3.Bg2 Bg7 4.Nc3 Nc6 5.a3 a6 6.Rb1 Rb8 7.Qa4 Nh6 8.b4 cxb4 
9.axb4 b5 10.cxb5 axb5 11.Nxb5 Qb6 12.Na3 Nxb4 13.Nh3 Qc7 14.Nb5 Rxb5 15.
Qxb5 Nc2+ 16.Kd1 Nd4 17.Qa4 O-O 18.e3 Ne6 19.Nf4 Nxf4 20.Qxf4 d6 21.Qa4 
Bd7 22.Qa2 Rc8 23.Ke2 Qc5 24.d3 Bg4+ 25.f3 Be6 26.Qa4 Bc3 27.e4 Ng4 28.
fxg4 Bxg4+ 29.Bf3 Qh5 30.Bxg4 Qxg4+ 31.Kf2 Bd4+ 32.Be3 Bxe3+ 33.Kxe3 Qg5+ 
34.Kf3 1-0

[Event "Gosa it"]
[Site "Smederevska Palanka YUG"]
[Date "1979.06.12"]
[Round "9"]
[White "Ciocaltea, Victor"]
[Black "Ljubisavljevic, Zivojin"]
[Result "1/2-1/2"]
[WhiteElo "2430"]
[BlackElo "2415"]
[EventDate "1979.06.02"]
[PlyCount "100"]
[Source "Perpetual Check"]

1.e4 e6 2.d4 d5 3.Nc3 Bb4 4.e5 c5 5.a3 Bxc3+ 6.bxc3 Qc7 7.Nf3 b6 8.Bb5+ 
Bd7 9.Bd3 h6 10.O-O Nc6 11.Re1 Nge7 12.a4 Na5 13.Be3 cxd4 14.cxd4 Nc4 15.
Bc1 Nc6 16.Bxc4 dxc4 17.Ba3 Na5 18.d5 exd5 19.Nd4 O-O-O 20.Bd6 Qb7 21.Be7 
Rde8 22.Bb4 Qa6 23.Nb5 Bxb5 24.axb5 Qxb5 25.Bxa5 bxa5 26.Qd4 Re6 27.Qxa7 
Ra6 28.Qxf7 Qd7 29.Qf3 a4 30.Rad1 Rd8 31.Qa3 Re8 32.Qc5+ Qc6 33.Qa3 Ra5 
34.h4 Qc5 35.Qh3+ Kc7 36.Qg3 Re7 37.Qc3 a3 38.e6 a2 39.Qe5+ Qd6 40.Qd4 Kc6
41.Ra1 Qa3 42.g3 Rb5 43.Kg2 Ra5 44.Re2 Qc5 45.Qxc5+ Kxc5 46.c3 Ra3 47.
Raxa2 Rxa2 48.Rxa2 d4 49.cxd4+ Kxd4 50.Rd2+ Ke5 1/2-1/2

[Event "Gosa it"]
[Site "Smederevska Palanka YUG"]
[Date "1979.06.12"]
[Round "9"]
[White "Ermenkov, Evgeny"]
[Black "Radulov, Ivan"]
[Result "1/2-1/2"]
[WhiteElo "2495"]
[BlackElo "2485"]
[EventDate "1979.06.02"]
[PlyCount "27"]
[Source "Perpetual Check"]

1.g3 d5 2.Bg2 c5 3.Nf3 Nc6 4.O-O e5 5.d3 Nf6 6.Bg5 Be7 7.Nfd2 O-O 8.Nc3 
Be6 9.e4 d4 10.Bxf6 Bxf6 11.Nd5 Be7 12.c4 Qd7 13.f4 f6 14.a3 1/2-1/2

[Event "Gosa it"]
[Site "Smederevska Palanka YUG"]
[Date "1979.06.13"]
[Round "10"]
[White "Ljubisavljevic, Zivojin"]
[Black "Ristic, Nenad"]
[Result "0-1"]
[WhiteElo "2415"]
[BlackElo "2240"]
[EventDate "1979.06.02"]
[PlyCount "86"]
[Source "Perpetual Check"]

1.c4 Nf6 2.Nc3 c5 3.e4 d6 4.f4 Nc6 5.d3 g6 6.Nf3 Bg4 7.h3 Bxf3 8.Qxf3 Bg7 
9.g4 h5 10.g5 Nd7 11.Bg2 Rb8 12.O-O Nd4 13.Qd1 b5 14.cxb5 Nxb5 15.Nxb5 
Rxb5 16.e5 dxe5 17.f5 O-O 18.Be4 Qb6 19.Kh1 Qd6 20.Qe2 Nb6 21.Qf3 Na4 22.
f6 Bh8 23.Bc6 Rb4 24.b3 Nb6 25.Be3 exf6 26.gxf6 Nd7 27.Rg1 Nxf6 28.Rac1 e4
29.Bxe4 Nxe4 30.dxe4 Bd4 31.Bf4 Qf6 32.Rg5 Re8 33.Rf1 Qe7 34.Bd2 Rb6 35.
Re1 Re6 36.b4 cxb4 37.Qb3 Bc3 38.Bxc3 Qxg5 39.Bxb4 Rxe4 40.Rg1 Qf5 41.Bd2 
Re3 42.Rxg6+ Qxg6 43.Bxe3 Qe4+ 0-1

[Event "Gosa it"]
[Site "Smederevska Palanka YUG"]
[Date "1979.06.13"]
[Round "10"]
[White "Jansa, Vlastimil"]
[Black "Ciocaltea, Victor"]
[Result "1/2-1/2"]
[WhiteElo "2495"]
[BlackElo "2430"]
[EventDate "1979.06.02"]
[PlyCount "36"]
[Source "Perpetual Check"]

1.e4 g6 2.d4 c6 3.Nf3 d6 4.Be2 Nf6 5.Nbd2 Bg7 6.O-O O-O 7.c3 Na6 8.Re1 Nc7
9.Bf1 d5 10.exd5 cxd5 11.Ne5 Nfe8 12.g3 Nd6 13.Bg2 f6 14.Nd3 Nf7 15.Nf3 
Re8 16.Bf4 Ne6 17.Qb3 g5 18.Be3 Nc7 1/2-1/2

[Event "Gosa it"]
[Site "Smederevska Palanka YUG"]
[Date "1979.06.13"]
[Round "10"]
[White "Despotovic, Momcilo"]
[Black "Rajkovic, Dusan"]
[Result "1/2-1/2"]
[WhiteElo "2365"]
[BlackElo "2460"]
[EventDate "1979.06.02"]
[PlyCount "26"]
[Source "Perpetual Check"]

1.c4 c5 2.g3 g6 3.Bg2 Bg7 4.Nc3 Nc6 5.e3 d6 6.Nge2 Nf6 7.O-O O-O 8.d4 Bd7 
9.h3 a6 10.b3 Rb8 11.a4 Re8 12.Ba3 b6 13.Kh2 e5 1/2-1/2

[Event "Gosa it"]
[Site "Smederevska Palanka YUG"]
[Date "1979.06.13"]
[Round "10"]
[White "Martinovic, Slobodan"]
[Black "Kuligowski, Adam"]
[Result "1/2-1/2"]
[WhiteElo "2410"]
[BlackElo "2495"]
[EventDate "1979.06.02"]
[PlyCount "67"]
[Source "Perpetual Check"]

1.g3 d5 2.Bg2 c5 3.Nf3 Nc6 4.O-O e5 5.d3 Be7 6.Nbd2 Bg4 7.e4 d4 8.h3 Be6 
9.Nc4 f6 10.a4 Qd7 11.h4 O-O-O 12.Ne1 h5 13.f4 Nh6 14.fxe5 fxe5 15.Bxh6 
Rxh6 16.Nf3 Bf6 17.Kh2 Rg8 18.Qd2 Qe7 19.Bh3 Bg4 20.Ng5 Kb8 21.Kg2 Bxh3+ 
22.Kxh3 Rhh8 23.Rf3 Rd8 24.Raf1 Rdf8 25.Kg2 Rc8 26.Rf5 Rc7 27.Qe2 Rd7 28.
Kh2 Rdd8 29.Qg2 Rh6 30.Qf3 Qe8 31.Qe2 Qe7 32.Kg2 Rdh8 33.R1f2 Rg6 34.Qd2 
1/2-1/2

[Event "Gosa it"]
[Site "Smederevska Palanka YUG"]
[Date "1979.06.14"]
[Round "11"]
[White "Rajkovic, Dusan"]
[Black "Martinovic, Slobodan"]
[Result "1/2-1/2"]
[WhiteElo "2460"]
[BlackElo "2410"]
[EventDate "1979.06.02"]
[PlyCount "33"]
[Source "Perpetual Check"]

1.e4 c6 2.d4 d5 3.Nd2 dxe4 4.Nxe4 Bf5 5.Ng3 Bg6 6.h4 h6 7.Nf3 Nd7 8.h5 Bh7
9.Bd3 Bxd3 10.Qxd3 Ngf6 11.Bf4 Qa5+ 12.Bd2 Qc7 13.c4 e6 14.Qe2 Bd6 15.Nf5 
O-O 16.Nxd6 Qxd6 17.O-O-O 1/2-1/2

[Event "Gosa it"]
[Site "Smederevska Palanka YUG"]
[Date "1979.06.14"]
[Round "11"]
[White "Ciocaltea, Victor"]
[Black "Despotovic, Momcilo"]
[Result "1/2-1/2"]
[WhiteElo "2430"]
[BlackElo "2365"]
[EventDate "1979.06.02"]
[PlyCount "37"]
[Source "Perpetual Check"]

1.e4 e6 2.d4 d5 3.Nc3 Bb4 4.Ne2 dxe4 5.a3 Be7 6.Nxe4 Nc6 7.Bf4 Nf6 8.Qd3 
b6 9.O-O-O Bb7 10.N2c3 Nd5 11.Nxd5 exd5 12.Nd2 O-O 13.Nf3 Bd6 14.Bg3 Bc8 
15.Ne5 Ne7 16.Qf3 Be6 17.Bd3 c5 18.Rhe1 c4 19.Bf1 1/2-1/2

[Event "Gosa it"]
[Site "Smederevska Palanka YUG"]
[Date "1979.06.14"]
[Round "11"]
[White "Ristic, Nenad"]
[Black "Jansa, Vlastimil"]
[Result "0-1"]
[WhiteElo "2240"]
[BlackElo "2495"]
[EventDate "1979.06.02"]
[PlyCount "74"]
[Source "Perpetual Check"]

1.c4 Nf6 2.Nc3 g6 3.e4 d6 4.d4 Bg7 5.Bg5 c5 6.e5 Ng4 7.exd6 Qxd6 8.Nb5 Qb6
9.Be2 a6 10.Bxg4 Bxg4 11.Qxg4 axb5 12.Qc8+ Qd8 13.Qxd8+ Kxd8 14.dxc5 bxc4 
15.O-O-O+ Nd7 16.Kb1 Ra5 17.Nf3 Rb5 18.Rhe1 Rxb2+ 19.Kc1 Re8 20.Ne5 Bxe5 
21.Rxe5 Rxa2 22.Kb1 Ra3 23.Red5 Rd3 24.R1xd3 cxd3 25.Rxd3 Kc7 26.Rc3 Kc6 
27.Be3 Ra8 28.Rc4 Ra5 29.Rh4 h5 30.g4 Ra4 31.f4 hxg4 32.Rh7 Re4 33.Bc1 f5 
34.Rg7 Re6 35.Rg8 Nxc5 36.Ba3 Nd3 37.Rg7 Kd7 0-1

[Event "Gosa it"]
[Site "Smederevska Palanka YUG"]
[Date "1979.06.14"]
[Round "11"]
[White "Ermenkov, Evgeny"]
[Black "Ljubisavljevic, Zivojin"]
[Result "1/2-1/2"]
[WhiteElo "2495"]
[BlackElo "2415"]
[EventDate "1979.06.02"]
[PlyCount "81"]
[Source "Perpetual Check"]

1.e4 d5 2.exd5 Qxd5 3.Nc3 Qa5 4.d4 c6 5.Bc4 Nf6 6.h3 e6 7.Nf3 b5 8.Bb3 b4 
9.Ne2 Nbd7 10.O-O Be7 11.Re1 O-O 12.Nf4 Nd5 13.Nd3 Ba6 14.Nde5 Nxe5 15.
Nxe5 Qc7 16.Qf3 Rad8 17.a3 bxa3 18.c4 Nf6 19.Nxc6 Rc8 20.d5 Bd6 21.bxa3 
Bb7 22.Nd4 exd5 23.cxd5 Bh2+ 24.Kh1 Be5 25.Bb2 Rfe8 26.Rad1 Qb6 27.Ba1 Qc5
28.Nf5 Bxa1 29.Rxa1 Bxd5 30.Bxd5 Nxd5 31.Qg3 g6 32.Nd6 Rxe1+ 33.Rxe1 Qc3 
34.f3 Rd8 35.Ne4 Qxa3 36.Rd1 Qe7 37.Rd4 f5 38.Nd2 Ne3 39.Rxd8+ Qxd8 40.Qe5
Qb6 41.Qe8+ 1/2-1/2

[Event "Gosa it"]
[Site "Smederevska Palanka YUG"]
[Date "1979.06.14"]
[Round "11"]
[White "Schussler, Harry"]
[Black "Radulov, Ivan"]
[Result "1/2-1/2"]
[WhiteElo "2460"]
[BlackElo "2485"]
[EventDate "1979.06.02"]
[PlyCount "30"]
[Source "Perpetual Check"]

1.c4 c5 2.Nf3 Nc6 3.g3 g6 4.Bg2 Bg7 5.Nc3 e5 6.O-O Nge7 7.Ne1 O-O 8.Nc2 d6
9.d3 Be6 10.Ne3 Qd7 11.Ned5 Bh3 12.Nxe7+ Nxe7 13.a3 Bxg2 14.Kxg2 d5 15.e4 
d4 1/2-1/2

[Event "Gosa it"]
[Site "Smederevska Palanka YUG"]
[Date "1979.06.15"]
[Round "12"]
[White "Jansa, Vlastimil"]
[Black "Ermenkov, Evgeny"]
[Result "1/2-1/2"]
[WhiteElo "2495"]
[BlackElo "2495"]
[EventDate "1979.06.02"]
[PlyCount "127"]
[Source "Perpetual Check"]

1.e4 c5 2.Nf3 d6 3.d4 cxd4 4.Nxd4 Nf6 5.Nc3 a6 6.Bg5 e6 7.f4 Qc7 8.Bxf6 
gxf6 9.Qd2 b5 10.O-O-O Bb7 11.Bd3 h5 12.Rhe1 Nd7 13.Kb1 Qb6 14.Nb3 O-O-O 
15.a4 b4 16.Na2 a5 17.c3 Nc5 18.cxb4 Nxb3 19.Qc2+ Kb8 20.Qxb3 axb4 21.Nxb4
d5 22.Bb5 Rc8 23.exd5 Bxb4 24.Qxb4 Bxd5 25.Rc1 f5 26.g3 Rhd8 27.Rc3 Be4+ 
28.Ka1 Rxc3 29.Qxc3 Rc8 30.Qe3 Qc7 31.Qd4 Ka8 32.Qd2 Kb7 33.Qb4 Qb6 34.a5 
Qc5 35.Qb3 Ka7 36.Qe3 Qxe3 37.Rxe3 Rc5 38.Bd3 Rxa5+ 39.Kb1 Bd5 40.Kc2 Ra1 
41.h4 Kb6 42.Be2 Kc5 43.Bxh5 Be4+ 44.Kd2 Rb1 45.Rb3 Bd5 46.Rb8 Rg1 47.Rc8+
Kd4 48.Rc3 Rg2+ 49.Be2 f6 50.b4 Be4 51.b5 e5 52.b6 Bb7 53.Ra3 Rh2 54.h5 
Kc5 55.Rb3 Kd4 56.Ra3 Kc5 57.Rb3 Kd4 58.fxe5 fxe5 59.Rb4+ Kd5 60.Ke3 Rh3 
61.Kf2 Rh2+ 62.Ke3 Rh3 63.Kf2 Rh2+ 64.Ke3 1/2-1/2

[Event "Gosa it"]
[Site "Smederevska Palanka YUG"]
[Date "1979.06.15"]
[Round "12"]
[White "Despotovic, Momcilo"]
[Black "Ristic, Nenad"]
[Result "0-1"]
[WhiteElo "2365"]
[BlackElo "2240"]
[EventDate "1979.06.02"]
[PlyCount "97"]
[Source "Perpetual Check"]

1.c4 g6 2.Nc3 Bg7 3.g3 d6 4.Bg2 Nf6 5.d4 O-O 6.Nf3 c6 7.O-O Qa5 8.Qd3 Qh5 
9.b3 Bh3 10.Bxh3 Qxh3 11.Ng5 Qh5 12.Qf3 Qxf3 13.Nxf3 c5 14.Bb2 cxd4 15.
Nxd4 Nc6 16.Rfd1 Rfc8 17.Rac1 Nxd4 18.Rxd4 Rc6 19.Rd2 Rac8 20.Rcd1 a6 21.
Kg2 b5 22.Nd5 Nxd5 23.cxd5 Rc2 24.Bxg7 Kxg7 25.e4 R8c3 26.Kf1 g5 27.Ke2 g4
28.h3 gxh3 29.Rh1 Rc1 30.Rxh3 R3c2 31.g4 Rxd2+ 32.Kxd2 Ra1 33.Rc3 Rxa2+ 
34.Ke3 a5 35.f3 Kf6 36.Rc7 Ra3 37.g5+ Kg7 38.Rxe7 Rxb3+ 39.Ke2 a4 40.Ra7 
a3 41.f4 Rb2+ 42.Kd3 Rb3+ 43.Kd2 Rf3 44.e5 Rxf4 45.e6 Rd4+ 46.Kc3 Rxd5 47.
exf7 Rxg5 48.f8=Q+ Kxf8 49.Rxh7 0-1

[Event "Gosa it"]
[Site "Smederevska Palanka YUG"]
[Date "1979.06.15"]
[Round "12"]
[White "Martinovic, Slobodan"]
[Black "Ciocaltea, Victor"]
[Result "1/2-1/2"]
[WhiteElo "2410"]
[BlackElo "2430"]
[EventDate "1979.06.02"]
[PlyCount "34"]
[Source "Perpetual Check"]

1.e4 e5 2.Nf3 Nf6 3.Nxe5 d6 4.Nf3 Nxe4 5.Qe2 Qe7 6.d3 Nf6 7.Bg5 Qxe2+ 8.
Bxe2 Be7 9.Nc3 c6 10.O-O-O Na6 11.Rhe1 Nc7 12.Nd4 Ne6 13.Nxe6 Bxe6 14.Bxf6
Bxf6 15.Bg4 Bxc3 16.bxc3 Kd7 17.Bxe6+ fxe6 1/2-1/2

[Event "Gosa it"]
[Site "Smederevska Palanka YUG"]
[Date "1979.06.15"]
[Round "12"]
[White "Kuligowski, Adam"]
[Black "Rajkovic, Dusan"]
[Result "1/2-1/2"]
[WhiteElo "2495"]
[BlackElo "2460"]
[EventDate "1979.06.02"]
[PlyCount "80"]
[Source "Perpetual Check"]

1.d4 Nf6 2.Nf3 c5 3.d5 g6 4.Nc3 Bg7 5.e4 O-O 6.Be2 d6 7.O-O Na6 8.Bf4 Nc7 
9.a4 a6 10.Qd2 Rb8 11.e5 Nh5 12.Bh6 Bg4 13.Rfe1 f6 14.e6 Bxh6 15.Qxh6 Bxf3
16.Bxf3 Ng7 17.g4 f5 18.Re3 Kh8 19.h3 Rg8 20.Ne2 fxg4 21.hxg4 Qf8 22.Be4 
Ngxe6 23.Qh4 Nf4 24.Nxf4 Qxf4 25.Rae1 Rg7 26.Bg2 Re8 27.Re4 Qf8 28.Qg5 Rf7
29.Qd2 b5 30.Ra1 Rb8 31.axb5 axb5 32.Qg5 Re8 33.Qd2 b4 34.c3 bxc3 35.bxc3 
Kg8 36.Re3 Qg7 37.Qb2 Qf8 38.Qe2 Qg7 39.Qb2 Qf8 40.Qe2 Qg7 1/2-1/2

[Event "Gosa it"]
[Site "Smederevska Palanka YUG"]
[Date "1979.06.17"]
[Round "13"]
[White "Ciocaltea, Victor"]
[Black "Kuligowski, Adam"]
[Result "1/2-1/2"]
[WhiteElo "2430"]
[BlackElo "2495"]
[EventDate "1979.06.02"]
[PlyCount "25"]
[Source "Perpetual Check"]

1.e4 c5 2.Nf3 d6 3.Bb5+ Nc6 4.O-O Bd7 5.Re1 Nf6 6.c3 a6 7.Bf1 Bg4 8.h3 
Bxf3 9.Qxf3 g6 10.Qd1 Bh6 11.d3 Bxc1 12.Qxc1 O-O 13.Na3 1/2-1/2

[Event "Gosa it"]
[Site "Smederevska Palanka YUG"]
[Date "1979.06.17"]
[Round "13"]
[White "Ristic, Nenad"]
[Black "Martinovic, Slobodan"]
[Result "1/2-1/2"]
[WhiteElo "2240"]
[BlackElo "2410"]
[EventDate "1979.06.02"]
[PlyCount "34"]
[Source "Perpetual Check"]

1.e4 c6 2.d4 d5 3.Nc3 dxe4 4.Nxe4 Bf5 5.Ng3 Bg6 6.h4 h6 7.Nf3 Nd7 8.h5 Bh7
9.Bd3 Bxd3 10.Qxd3 Qa5+ 11.Bd2 Qc7 12.Qe2 e6 13.O-O-O Bd6 14.Nf5 Bf4 15.
Bxf4 Qxf4+ 16.Ne3 Qc7 17.Kb1 O-O-O 1/2-1/2

[Event "Gosa it"]
[Site "Smederevska Palanka YUG"]
[Date "1979.06.17"]
[Round "13"]
[White "Ermenkov, Evgeny"]
[Black "Despotovic, Momcilo"]
[Result "1/2-1/2"]
[WhiteElo "2495"]
[BlackElo "2365"]
[EventDate "1979.06.02"]
[PlyCount "45"]
[Source "Perpetual Check"]

1.e4 e6 2.d4 d5 3.Nd2 Nf6 4.e5 Nfd7 5.c3 c5 6.f4 Nc6 7.Ndf3 Qb6 8.g3 Be7 
9.Kf2 cxd4 10.cxd4 g5 11.h3 gxf4 12.gxf4 f6 13.Qb3 Qxb3 14.axb3 Nb6 15.Bd2
Bd7 16.Bd3 f5 17.Ne2 h6 18.Rhc1 Kf7 19.Nc3 a6 20.Na4 Nxa4 21.bxa4 Rac8 22.
Be2 Rhg8 23.b3 1/2-1/2

[Event "Gosa it"]
[Site "Smederevska Palanka YUG"]
[Date "1979.06.17"]
[Round "13"]
[White "Schussler, Harry"]
[Black "Ljubisavljevic, Zivojin"]
[Result "1/2-1/2"]
[WhiteElo "2460"]
[BlackElo "2415"]
[EventDate "1979.06.02"]
[PlyCount "24"]
[Source "Perpetual Check"]

1.Nf3 Nf6 2.g3 g6 3.b3 b6 4.Bg2 Bb7 5.O-O Bg7 6.Bb2 O-O 7.c4 c5 8.d4 d6 9.
Nc3 cxd4 10.Nxd4 Bxg2 11.Kxg2 Qc8 12.e3 Nc6 1/2-1/2